Die Entwicklung der spanischen Provinzialgrenzen in römischer Zeit / (Record no. 150808)

MARC details
000 -LEADER
campo de control de longitud fija 00643nam a2200193 i 4500
001 - NÚMERO DE CONTROL
campo de control 150808
003 - IDENTIFICADOR DE NÚMERO DE CONTROL
campo de control ES-MaACL
005 - FECHA Y HORA DE LA ÚLTIMA TRANSACCIÓN
campo de control 20230906203716.0
007 - CAMPO FIJO DE DESCRIPCIÓN FÍSICA--INFORMACIÓN GENERAL
campo de control de longitud fija t|
008 - DATOS DE LONGITUD FIJA--INFORMACIÓN GENERAL
campo de control de longitud fija 071113s1909 gw ||||1| ger d
100 1# - ENTRADA PRINCIPAL--NOMBRE DE PERSONA
Nombre de persona Braun, Franz.
9 (RLIN) 31413
245 14 - MENCIÓN DEL TÍTULO
Título Die Entwicklung der spanischen Provinzialgrenzen in römischer Zeit /
Mención de responsabilidad, etc. von Franz Braun.
260 ## - PUBLICACIÓN, DISTRIBUCIÓN, ETC.
Lugar de publicación, distribución, etc. Berlin :
Nombre del editor, distribuidor, etc. Weidmann,
Fecha de publicación, distribución, etc. [1909]
300 ## - DESCRIPCIÓN FÍSICA
Extensión 138 p.
490 1# - MENCIÓN DE SERIE
Mención de serie Quellen und Forschungen zur alten Geschichte und Geographie ;
Designación de volumen o secuencia 17
830 0# - PUNTO DE ACCESO ADICIONAL DE SERIE-TÍTULO UNIFORME
Título uniforme Quellen und Forschungen zur alten Geschichte und Geographie ;
Designación de volumen o secuencia 17
9 (RLIN) 221171
852 ## - LOCALIZACIÓN
Ubicación ES-MaACL
Número de control de estantería 1618-F-14
Holdings
Estatus retirado Estado de pérdida Estado de daño No para préstamo Colección Biblioteca de origen Biblioteca actual Ubicación en estantería Fecha de adquisición Fuente de adquisición Total de préstamos Signatura topográfica completa Código de barras Visto por última vez Precio de reemplazo Tipo de ítem Koha
        Colección de folletos Biblioteca del Ateneo de Madrid Biblioteca del Ateneo de Madrid Depósito folletos 17/01/2008     1618-F-14 1157359 23/02/2023 23/02/2023 Folleto